A Selection of miscellaneous pieces, in verse and prose : Respectfully dedicated to the youth of both sexes. : Part I[-II].

Bibliographic Details
Format: eBook
Language:English
Series:Early American imprints. Evans (1639-1800) ; no. 24777.
Subjects:
Online Access:Evans Digital Edition

MARC

Tag First Indicator Second Indicator Subfields
LEADER 00000cam a2200000 a 4500
001 in00002151908
006 m e d #
007 cr mn mmmmabba
008 821014s1792 pau s 000 0 eng d
005 20260331160308.1
035 |z w022122 
035 |a MAAR8210143601B 
035 |9 mwa91-20518 
035 |a 344659 
035 |a aas03022122 
040 |a MWA  |c MWA  |e bdrb  |d UtOrBLW 
245 0 2 |a A Selection of miscellaneous pieces, in verse and prose :  |b Respectfully dedicated to the youth of both sexes. : Part I[-II]. 
264 3 |a Philadelphia :  |b Printed and sold by Daniel Lawrence, no. 78. North 4th Street, near Race,  |c M.DCC.XCII. [1792] 
300 |a 4 unnumbered pages, 80 pages ;  |c 17 cm. (octavo) 
336 |a text  |b txt  |2 rdacontent 
337 |a computer  |b c  |2 rdamedia 
338 |a online resource  |b cr  |2 rdacarrier 
500 |a Table of contents, pages [3-4], 1st count, sometimes found bound after page 80. 
510 4 |a Evans  |c 24777 
510 4 |a Welch, d'A.A. Amer. children's books,  |c 1181 
530 |a Microform version available in the Readex Early American Imprints series. 
533 |a Electronic text and image data.  |b [Chester, Vt. :  |c Readex, a division of Newsbank, Inc.,  |d 2002-2004.  |e Includes files in TIFF, GIF and PDF formats with inclusion of keyword searchable text.  |f (Early American imprints. First series ; no. 24777). 
500 |a Electronic resource. 
655 7 |a Anthologies.  |2 rbgenr 
752 |a United States  |b Pennsylvania  |d Philadelphia. 
830 0 |a Early American imprints.  |n Series I,  |p Evans (1639-1800) ;  |v no. 24777. 
856 4 1 |u http://proxy.library.tamu.edu/login?url=https://opac.newsbank.com/select/evans/24777  |y Evans Digital Edition  |t 0 
999 |a MARS 
999 f f |s 201098ee-12e0-3e4a-ada8-806fd7dae3b2  |i cfa618d0-464b-310d-918d-7f05234addcb  |t 0 
952 f f |a Texas A&M University  |b College Station  |c Electronic Resources  |s www_evans  |d Available Online  |t 0  |h No information provided 
998 f f |t 0  |l Available Online